ảnh hưởng binh pháp Tôn-Võ-tử trong tư tưởng chỉ đạo chiến tranh cách mạng tại Trung Quốc và Việt Nam
Luận văn gồm 2 phần chính: Phần nghiên cứu về binh pháp Tôn Tử và phần nghiên cứu nghệ thuật quân sự của Hồng quân Trung Quốc ( thể hiện qua Mao Trạch Đông ) và QĐNDVN ( = Việt cộng ) trong nghệ thuật chỉ đạo chiến lược khánh chiến chố...
Guardat en:
| Autor principal: | |
|---|---|
| Format: | Llibre |
| Idioma: | Undetermined |
| Publicat: |
Sài Gòn
Học viện Quốc gia Hành chánh
1972
|
| Matèries: | |
| Etiquetes: |
Afegir etiqueta
Sense etiquetes, Sigues el primer a etiquetar aquest registre!
|
| Thư viện lưu trữ: | Trung tâm Học liệu Trường Đại học Cần Thơ |
|---|
| LEADER | 01074nam a2200193Ia 4500 | ||
|---|---|---|---|
| 001 | CTU_36025 | ||
| 008 | 210402s9999 xx 000 0 und d | ||
| 082 | |a 355.02 | ||
| 082 | |b Ng454 | ||
| 100 | |a Đàng Thiện Ngôn | ||
| 245 | 0 | |a ảnh hưởng binh pháp Tôn-Võ-tử trong tư tưởng chỉ đạo chiến tranh cách mạng tại Trung Quốc và Việt Nam | |
| 245 | 0 | |c Đàng Thiện Ngôn | |
| 260 | |a Sài Gòn | ||
| 260 | |b Học viện Quốc gia Hành chánh | ||
| 260 | |c 1972 | ||
| 520 | |a Luận văn gồm 2 phần chính: Phần nghiên cứu về binh pháp Tôn Tử và phần nghiên cứu nghệ thuật quân sự của Hồng quân Trung Quốc ( thể hiện qua Mao Trạch Đông ) và QĐNDVN ( = Việt cộng ) trong nghệ thuật chỉ đạo chiến lược khánh chiến chống Pháp | ||
| 650 | |a military art and science | ||
| 904 | |i Nguyễn Quang Điền, 000406 | ||
| 980 | |a Trung tâm Học liệu Trường Đại học Cần Thơ | ||